[Event "26. Münsterland Open"]
[Site "Senden"]
[Date "2008.10.04"]
[Round "9.5"]
[White "Freitag, Julia"]
[Black "Stets, Dmitry"]
[Result "0-1"]
[WhiteElo "2176"]
[BlackElo "2420"]
[PlyCount "72"]
[EventDate "2008.??.??"]

1. d4 Nf6 2. e3 g6 3. f4 Bg7 4. Nf3 O-O 5. c3 d6 6. Bc4 Nbd7 7. O-O b6 8. Qe1
Bb7 9. Nbd2 e6 10. Qh4 Nd5 11. Qh3 Qe7 12. Re1 Rae8 13. Nf1 N5f6 14. Ng3 Qd8
15. Bd2 c5 16. Bb3 e5 17. dxe5 dxe5 18. f5 e4 19. Ng5 Ne5 20. fxg6 hxg6 21.
Rad1 Bc8 22. Qh4 Bg4 23. N3xe4 Nh5 24. Ra1 Bf5 25. Ng3 Bf6 26. e4 Qxd2 27. Nxh5
Bxg5 28. Qg3 Bg4 29. h4 Bxh5 30. hxg5 c4 31. Bd1 Bxd1 32. Raxd1 Qxb2 33. Re3
Nd3 34. Qh4 Qxc3 35. e5 Rxe5 36. Rh3 Re1+ 0-1

[Event "26. Münsterland Open"]
[Site "Senden"]
[Date "2008.10.04"]
[Round "9.6"]
[White "Beutelhoff, Josef"]
[Black "Michalczak, Thomas"]
[Result "0-1"]
[WhiteElo "2139"]
[BlackElo "2297"]
[PlyCount "68"]
[EventDate "2008.??.??"]

1. d4 Nf6 2. c4 e6 3. Nc3 Bb4 4. Qc2 d5 5. a3 Bxc3+ 6. bxc3 c5 7. cxd5 exd5 8.
Nf3 O-O 9. Bg5 h6 10. Bh4 g5 11. Bg3 Ne4 12. e3 cxd4 13. Nxd4 Qa5 14. f3 Nxg3
15. hxg3 Kg7 16. Bd3 Nc6 17. Kf2 Nxd4 18. cxd4 Bd7 19. Qb2 Rac8 20. Rac1 Bc6
21. g4 Rfe8 22. Bf5 Rcd8 23. e4 Qb6 24. Qxb6 axb6 25. e5 Ra8 26. Rc3 Ra4 27.
Ke3 Rea8 28. Ra1 b5 29. Bc2 Rc4 30. Kd3 b4 31. Rxc4 Bb5 32. Bb3 Rc8 33. Ke3
dxc4 34. Rc1 cxb3 0-1

[Event "26. Münsterland Open"]
[Site "Senden"]
[Date "2008.10.04"]
[Round "9.7"]
[White "Torres-Kuckel, Rafael"]
[Black "Haenisch, Uwe"]
[Result "1/2-1/2"]
[WhiteElo "2270"]
[BlackElo "2165"]
[PlyCount "108"]
[EventDate "2008.??.??"]

1. d4 f5 2. c4 g6 3. g3 Bg7 4. Bg2 d6 5. Nf3 Nf6 6. Nc3 O-O 7. d5 c6 8. O-O Qe8
9. Nd4 Bd7 10. e4 Nxe4 11. Nxe4 fxe4 12. Bxe4 e5 13. dxe6 Bxe6 14. Re1 Kh8 15.
Bg2 Bg4 16. Rxe8 Bxd1 17. Rxf8+ Bxf8 18. Ne6 Nd7 19. Nxf8 Nxf8 20. Bf4 Be2 21.
b3 Rd8 22. Re1 Bg4 23. Re7 Rd7 24. Rxd7 Nxd7 25. Bxd6 Bf5 26. b4 Be6 27. b5
Bxc4 28. bxc6 bxc6 29. Bxc6 Nb6 30. a4 a6 31. Be5+ Kg8 32. f4 Kf7 33. a5 Nd5
34. Kg2 Ke6 35. Kf3 Bd3 36. Bb7 Ne7 37. g4 g5 38. h4 gxh4 39. Bb2 Bb5 40. f5+
Kf7 41. Kf4 h6 42. Bc3 Bc6 43. Bxc6 Nxc6 44. Kf3 Ne7 45. Kg2 h5 46. gxh5 Nxf5
47. Kh3 Ng3 48. h6 Ke6 49. Kxh4 Nf5+ 50. Kg4 Nxh6+ 51. Kf4 Kf7 52. Ke5 Ke7 53.
Kd5 Kd7 54. Be5 Nf7 1/2-1/2

[Event "26. Münsterland Open"]
[Site "Senden"]
[Date "2008.10.04"]
[Round "9.8"]
[White "Rüberg, Jobst"]
[Black "Virnyi, Julius"]
[Result "1/2-1/2"]
[WhiteElo "2229"]
[BlackElo "1728"]
[PlyCount "56"]
[EventDate "2008.??.??"]

1. e4 c5 2. Nf3 d6 3. Bb5+ Bd7 4. Bxd7+ Qxd7 5. O-O Nc6 6. c3 Nf6 7. Re1 e6 8.
d3 Be7 9. Bg5 O-O 10. h3 Rfd8 11. Nbd2 d5 12. e5 Ne8 13. Bf4 Nc7 14. Nf1 b5 15.
Ng5 h6 16. Nf3 d4 17. c4 bxc4 18. dxc4 Rab8 19. Qd2 Bf8 20. Ng3 Kh8 21. Nh5 Ne7
22. b3 Na6 23. Re4 Ng8 24. g4 Qb7 25. Rae1 Nb4 26. g5 g6 27. gxh6 gxh5 28. h7
Kxh7 1/2-1/2

[Event "26. Münsterland Open"]
[Site "Senden"]
[Date "2008.10.04"]
[Round "9.9"]
[White "Stöckmann, Helmut"]
[Black "Korth, Daniel"]
[Result "1/2-1/2"]
[WhiteElo "2121"]
[BlackElo "2213"]
[PlyCount "66"]
[EventDate "2008.??.??"]

1. c4 c6 2. d4 d5 3. cxd5 cxd5 4. Nc3 Nf6 5. Nf3 Nc6 6. e3 a6 7. Be2 Bg4 8. O-O
e6 9. Bd2 Bd6 10. Rc1 O-O 11. h3 Bh5 12. Be1 Qe7 13. Ne5 Bxe2 14. Nxc6 Bxd1 15.
Nxe7+ Bxe7 16. Rxd1 Rfc8 17. f3 Bb4 18. Rf2 Bxc3 19. Bxc3 Rc4 20. Re2 Kf8 21.
Be1 Rac8 22. Kf2 Ke8 23. Red2 Rc1 24. Ke2 Nd7 25. Rxc1 Rxc1 26. Rd1 Rxd1 27.
Kxd1 Nb6 28. b3 Kd7 29. Kc2 Kc6 30. Kd3 Nd7 31. Bc3 Kb6 32. g4 h5 33. Bb4 Kc6
1/2-1/2